Statistics for Name capitals of countries starting with a letter A

Click here to take the quiz!

General Stats

  • This quiz has been taken 31 times
  • The average score is 10 of 11

Answer Stats

countrycapital% Correct
AfganistanKabul
100%
ArgentinaBuenos Aires
96%
AustraliaCanberra
96%
AustriaVienna
96%
AlbaniaTirana
93%
AlgeriaAlgiers
89%
AzerbaijanBaku
89%
AndorraAndorra la Vella
86%
ArmeniaYerevan
82%
AngolaLuanda
71%
Antigua and
Barbuda
Saint John's
71%

Score Distribution

Percentile by Number Answered

Percent of People with Each Score

Your Score History

You have not taken this quiz